| 000 | 00360nam a2200133Ia 4500 | ||
|---|---|---|---|
| 008 | 240624s9999 xx 000 0 und d | ||
| 041 | _aeng | ||
| 082 | _a658 HAG | ||
| 100 | _aHAGHIRIAN PARISSA | ||
| 245 | _aUNDERSTANDING JAPANESE MANAGEMENT PRACTI | ||
| 260 |
_c2010 _aNew York _bBusiness Expert Press |
||
| 300 | _axi, : 160 : p. : cm. ; 25 | ||
| 365 |
_c _b25 |
||
| 999 |
_c23605 _d23605 |
||